Le mois de mai - Statistiques

Statistiques générales
  • Ce quiz a été pris 44 fois
  • Le résultat moyen est 8 sur 18
Statistiques - réponses
Questions Réponses % Correct
Fête célébrée le premier jour du mois de mai et qui est jour férié en France comme dans plusieurs autres pays d'Europe. La fête du travail
100%
Fleur qui est associée au mois de mai. Le muguet
79%
Complétez ce dicton : "En avril, ne te découvre pas d'un fil ; en mai, fais ce qu'il te ___." Plaît
79%
Guerre qui s'acheva un 8 mai pour ce qui concerne l'Europe. La Seconde Guerre mondiale
71%
Cérémonies catholiques qui s'adressent aux jeunes d'environ 7/8 ans et 10/12 ans et désignent le premier moment où un enfant baptisé reçoit le pain eucharistique puis le moment où l'enfant renouvelle ses vœux de baptême. Ces cérémonies ont traditionnellement lieu au mois de mai. Les communions
53%
Surnom donné aux saints Mamert, Pancrace et Servais, respectivement célébrés les 11, 12 et 13 mai, surnom qui, en quelque sorte, contredit le dicton précédent : les saints de ____. Les saints de glace
50%
Tournoi du Grand Chelem de tennis qui traditionnellement commence à la dernière semaine du mois de mai pour se terminer début juin. Roland Garros
50%
Sainte et héroïne française que la France célèbre le 8 mai et que l'Église célèbre le 30 mai, jour de son exécution. Sainte Jeanne d'Arc
50%
Célébrations liturgiques souvent célébrées au mois de mai (la seconde peut également l'être début juin comme c'est le cas en 2025) et qui sont jours fériés en France ou en Belgique, entre autres. La Pentecôte
47%
Célébrations liturgiques souvent célébrées au mois de mai (la seconde peut également l'être début juin comme c'est le cas en 2025) et qui sont jours fériés en France ou en Belgique, entre autres. L'Ascension
42%
Année du coup d'État du 13 mai à Alger au cours duquel les Algérois d'origine européenne en appelaient à Charles de Gaulle pour maintenir la souveraineté de la France sur l'Algérie sans se douter qu'il allait faire le contraire de ce qu'ils réclamaient. 1958
37%
Personnage des aventures de Tintin qui décrivit le mois de mai comme suit : "La nature ... dans toute la fraîcheur du renouveau !... Le gazouillis des oiseaux !... Ces fleurs des bois !... Et ces parfums !... Cette bonne odeur d'humus !... [...] Emplssez vos poumons de cet air pur et vivifiant, si fin, si léger, si pétillant qu'on a envie de le boire ..." Le capitaine Archibald Haddock
37%
Sainte et épouse du précédent à qui est dédié le mois de mai tout entier. La sainte Vierge Marie
34%
Petite ville portugaise où la précédente apparut pour la première fois un 13 mai, en l'an de grâce 1917. Fátima
26%
Pays dont Humbert II était surnommé le "roi de mai", régnant du 9 mai au 13 juin 1946, et son épouse Marie-José, la "reine de mai", avant l'instauration de la république. L'Italie
21%
Saint artisan qui est associé à la fête précédente et également célébré le premier jour de mai, et ce depuis 1955. Saint Joseph
18%
Album des aventures de Tintin dont le monologue précédent est extrait. Les Bijoux de la Castafiore
8%
Fêtes chrétienne qui est traditionnellement célébrée au 31 mai, elle commémore les deux enfants à naître, Jésus Christ et Son cousin saint Jean-Baptiste. La Visitation
3%
Aucun quiz correspondant
Distribution des résultats
% des personnes avec chaque résultat
Percentile par nombre de réponses
Votre historique - résultats
Vous n’avez pas pris ce quiz